| 000 | 00578nam a2200205 a 4500 | ||
|---|---|---|---|
| 005 | 20140310183513.0 | ||
| 008 | 101106s19uu xx 00 eng d | ||
| 020 | _a9780470423288 | ||
| 050 |
_aHF 5679 _b.J635 2009 |
||
| 100 | _aJones, Peter | ||
| 245 | _aConfiguring SAP ERP Financials and controlling. / | ||
| 260 |
_aCanada : _bWiley Pub., Inc, _c2009. |
||
| 300 |
_a934 p.: _bill. ; _c26 cm. |
||
| 521 | _aIT | ||
| 650 | _aAccounting-computer programs. | ||
| 650 | _aAccounting-data processing. | ||
| 650 | _aInvestments. | ||
| 942 |
_cBK _2lcc _kFOR |
||
| 999 |
_c24233 _d24233 |
||